000 00652nam a2200205Ia 4500
003 GCL
008 140319s9999 xx 000 0 ara d
040 _aGCL /
_cGCL
082 0 4 _a306.85
_bا ع
100 1 _aاحسان محمد الحسن
245 1 0 _aعلم اجتماع العائلة /
_cاحسان محمد الحسن
260 _aالاردن :
_bدار وائل للنشر ،
_c2005
300 _a300 ص ؛
_c24 سم
650 0 4 _aالاسرة
650 0 4 _aالعلاقات الاسرية
650 0 4 _aالاباء والابناء
650 0 4 _aالاجتماع، علم
650 0 4 _aالتكوكب الاسرى
942 _2ddc
_cBK
999 _c8434
_d8434